000
00334nam a2200145Ia 4500
005
20251222152015.0
008
251222s9999||||xx |||||||||||||| ||spa||
020
_a
8445072420
082
_a
813.54/D73
100
_a
Dick, Philip K.
245
0
_a
El hombre en el Castillo
250
_a
1ra.ed.
264
_b
Minotauro
942
_c
LIB
999
_c
25045
_d
25045